Normal view
MARC view
- Robert L. McCan
Entry Personal Name
001 - CONTROL NUMBER
- control field: 9358
003 - CONTROL NUMBER IDENTIFIER
- control field: NUST
005 - DATE AND TIME OF LATEST TRANSACTION
- control field: 20180121155818.0
008 - FIXED-LENGTH DATA ELEMENTS
- fixed length control field: 180121|| aca||aabn | a|a d
040 ## - CATALOGING SOURCE
- Original cataloging agency: NUST
- Transcribing agency: NUST
100 ## - HEADING--PERSONAL NAME
- Personal name: Robert L. McCan
670 ## - SOURCE DATA FOUND
- Source citation: Work cat.: (NUST)320948: Robert L. McCan, An Outline of the American Economy, 1981
